The neverending story / (Record no. 50387)

MARC details
000 -LEADER
fixed length control field 00594nam a22001817a 4500
005 - DATE AND TIME OF LATEST TRANSACTION
control field 20110209123142.0
020 ## - INTERNATIONAL STANDARD BOOK NUMBER
International Standard Book Number 8181462475
Terms of availability 70.00
020 ## - INTERNATIONAL STANDARD BOOK NUMBER
International Standard Book Number 9788181462473
Terms of availability 70.00
037 ## - SOURCE OF ACQUISITION
Source of stock number/acquisition PUB
100 ## - MAIN ENTRY--PERSONAL NAME
Personal name Bhal, Ashwini
245 ## - TITLE STATEMENT
Title The neverending story /
Statement of responsibility, etc by Ashwini Bhat
260 ## - PUBLICATION, DISTRIBUTION, ETC. (IMPRINT)
Place of publication, distribution, etc Chennai
Name of publisher, distributor, etc Tulika Publishers
Date of publication, distribution, etc 2006
270 ## - ADDRESS
Address 13 Prithvi Avenue, Abhiramapuram,
City Chennai
Postal code 600018
300 ## - PHYSICAL DESCRIPTION
Extent Unpaged
Dimensions 20cm (pbk)
Other physical details col. ill.
942 ## - ADDED ENTRY ELEMENTS (KOHA)
Source of classification or shelving scheme Dewey Decimal Classification
Item type Children Books
Call number suffix BHA
Holdings
Withdrawn status Lost status Not for loan Home library Current library Date acquired Cost, normal purchase price Full call number Cost, replacement price Koha item type
      Andrews Gunj Andrews Gunj 09/02/2011 70.00 BHA 70.00 Children Books

© Delhi Public Library
Hit Counter
free hit counter